000 00587nam a22002057a 4500
999 _c9247
_d9247
003 AR-CdUCM
008 190327b ||||| |||| 00| 0 spa d
020 _a978-612-309-074-6
040 _aMUNICIPALIDAD PROVINCIAL DEL CUSCO
_cBIBLIOTECA MUNICIPAL DEL CUSCO
041 _hspa
082 _aEP / 808.06
_bT61
100 _aTejo, Heriberto
_925319
245 _aHola, caracol /
260 _aLima :
_bSantillana,
_c2015.
300 _a79 páginas ;
_bIlustraciones
_c22.5 cm.
650 _aCuentos infantiles
_93927
650 _aSiglo XXI
_92856
942 _2ddc
_cLIBROS
945 _aafb